Fundamentals of Electric Circuits /
Contenido: Circuitos cd: Conceptos básicos; Leyes básicas; Métodos de análisis; Teoremas de circuito; Amplificadores operacionales; Capacitares e inductores; Circuitos de primer orden; Circuitos de segundo orden. Circuitos ca: Senoides y fasores; Análisis senoidal en estado estable; Análisis de pote...
Wedi'i Gadw mewn:
| Prif Awdur: | |
|---|---|
| Awduron Eraill: | |
| Fformat: | Llyfr |
| Iaith: | Saesneg |
| Cyhoeddwyd: |
Boston, EUA :
McGraw-Hill,
2004, c2004
|
| Rhifyn: | 2a edición |
| Pynciau: | |
| Tagiau: |
Dim Tagiau, Byddwch y cyntaf i dagio'r cofnod hwn!
|
MARC
| LEADER | 00000nam^a2200000^a^4500 | ||
|---|---|---|---|
| 001 | 000152772 | ||
| 005 | 20250521000000.0 | ||
| 009 | 20260310100255.521 | ||
| 020 | |a 0-07-246331-7 | ||
| 037 | |a Acervo ITESO - Biblioteca | ||
| 041 | |a ING | ||
| 082 | |a 621. 3192 |b ALE | ||
| 100 | |a Alexander, Charles K. |e (autor) | ||
| 240 | 1 | 1 | |a [Circuitos eléctricos, de Charles K. Alexander] |
| 245 | 1 | 0 | |a Fundamentals of Electric Circuits / |c C.K. Alexander, M.N.O. Sadiku. |
| 250 | |a 2a edición | ||
| 264 | 4 | |a Boston, EUA : |b McGraw-Hill, |c 2004, c2004 | |
| 300 | |a 1 v. (varias paginaciones) + |e 1 disco compacto de computadora | ||
| 336 | |a texto |b txt |2 rdacontenido | ||
| 337 | |a sin mediación |b n |2 rdamedio | ||
| 338 | |a volumen |b nc |2 rdasoporte | ||
| 520 | |a Contenido: Circuitos cd: Conceptos básicos; Leyes básicas; Métodos de análisis; Teoremas de circuito; Amplificadores operacionales; Capacitares e inductores; Circuitos de primer orden; Circuitos de segundo orden. Circuitos ca: Senoides y fasores; Análisis senoidal en estado estable; Análisis de potencia ca; Circuitos trifásicos; Circuitos magnéticamente acoplados; Respuesta de frecuencia. Análisis de circuitos avanzados: La transformada de Laplace; Las series de Fourier; Transformada de Fourier; Redes de dos puertos. | ||
| 649 | |a XX | ||
| 650 | |a Condensadores (Electricidad) | ||
| 650 | |a Amplificadores Operacionales | ||
| 650 | |a Redes Eléctricas | ||
| 650 | |a Circuitos Eléctricos - |x Tema Principal | ||
| 650 | |a Paquetes (Software) | ||
| 650 | |a Electrónica - |x Matemáticas | ||
| 650 | |a Ingeniería Eléctrica | ||
| 700 | |a Sadiku, Matthew N.O. |e (autor) | ||
| 910 | |a Fondo General | ||
| 920 | |a Impresos - Libros | ||
| 930 | |a Colección General | ||
| 905 | |a 101 | ||
| 901 | |a 0500081725 |b IT1 |c ACC |u 20250521 | ||
| 901 | |a 0500123390 |b IT2 |c SWS |u 20250521 | ||
| 901 | |a 0500123393 |b IT2 |c SWS |u 20250521 | ||
| 901 | |a 0500100351 |b IT1 |c ACC |u 20250521 | ||
| 901 | |a 0500100354 |b IT1 |c ACC |u 20250521 | ||
| 901 | |a 0500100357 |b IT1 |c ACC |u 20250521 | ||
| 901 | |a 0500100360 |b IT1 |c ACC |u 20250521 | ||
| 901 | |a 0500123383 |b IT2 |c SWS |u 20250521 | ||
| 901 | |a 0500123386 |b IT2 |c SWS |u 20250521 | ||
| 901 | |a 0500123380 |b IT2 |c SWS |u 20250521 | ||
| 902 | |a https://opac.biblio.iteso.mx/vufind/Record/000152772 | ||